Name a Country Where These Mammals Are Found #1 - Statistics

General Stats
  • This quiz has been taken 52 times
  • The average score is 116 of 159
Answer Stats
Picture Hint Answer % Correct
Canada Lynx Canada | United States of America
93%
American Marten Canada | United States of America
93%
Tiger India | Nepal | Bhutan | Bangladesh | China | Myanmar | Thailand | Malaysia | Indonesia | Laos | Russia
93%
Asian Small-Clawed Otter Thailand | China | Myanmar | Malaysia | Indonesia | India | Nepal | Bhutan | Bangladesh | Vietnam | Laos | Cambodia | Philippines | Singapore | Brunei
93%
Australian Sea Lion Australia
89%
Cougar Brazil | Argentina | Chile | Paraguay | Bolivia | Peru | Ecuador | Venezuela | Colombia | Uruguay | Suriname | Guyana | Mexico | Canada | United States of America | Guatemala | El Salvador | Belize | Nicaragua | Honduras | Panama | Costa Rica | France (French Guiana)
89%
South American Coati Brazil | Paraguay | Colombia | Venezuela | Suriname | Guyana | Argentina | Uruguay | Ecuador | Bolivia | France (French Guiana)
89%
Amazon Weasel Brazil | Peru | Bolivia | Colombia | Venezuela | Ecuador | Guyana | Suriname | France (French Guiana)
89%
Polar Bear Canada | Russia | United States of America | Denmark (Greenland)
89%
American Black Bear Canada | United States of America | Mexico
89%
Wolverine Canada | United States of America | Russia | Finland | Norway | Sweden | Mongolia | China | Kazakhstan
89%
Arctic Fox Canada | United States of America | Russia | Norway | Finland | Sweden | Iceland | Denmark (Greenland)
89%
Lion Chad | Central African Republic | Senegal | Guinea-Bissau | Guinea | Mali | Ivory Coast | Ghana | Benin | Burkina Faso | Nigeria | Niger | Cameroon | South Sudan | Ethiopia | Sudan | Somalia | Republic of the Congo | Democratic Republic of the Congo | Kenya | Uganda | Tanzania | South Africa | Mozambique | Eswatini | Angola | Namibia | Zambia | Botswana | Zimbabwe | Malawi | India
89%
Snow Leopard China | Kazakhstan | Mongolia | India | Nepal | Bhutan | Kyrgyzstan | Tajikistan | Afghanistan | Uzbekistan | Myanmar | Russia
89%
Chinese Mountain Cat China | Mongolia
89%
Asian Black Bear China | Taiwan | Afghanistan | Pakistan | India | Bangladesh | Myanmar | Thailand | Cambodia | Laos | Vietnam | Japan | North Korea | South Korea | Russia | Iran
89%
Chinese Ferret-Badger China | Vietnam | Laos | Myanmar | India | Taiwan
89%
Colombian Weasel Colombia | Ecuador
89%
Ethiopian Wolf Ethiopia
89%
Bengal Fox India | Pakistan | Bangladesh | Nepal
89%
Japanese Marten Japan
89%
Caspian Seal Kazakhstan | Russia | Turkmenistan | Iran | Azerbaijan
89%
New Zealand Sea Lion New Zealand
89%
Siberian Weasel Russia | China | Mongolia | North Korea | South Korea | Kazakhstan | Taiwan | Nepal | Bhutan | Myanmar | Thailand | Laos | Vietnam
89%
Brown Bear Russia | China | United States of America | Canada | Japan | North Korea | Mongolia | Kazakhstan | Norway | Sweden | Finland | Estonia | Latvia | Ukraine | Belarus | Romania | Turkey | Georgia | Iraq | Iran | Azerbaijan | Greece | Italy | France | Spain | Slovakia | Austria | Slovenia | Poland | Serbia | Bosnia & Herzegovina | Bulgaria | Albania | North Macedonia | Montenegro | Kosovo
89%
American Mink United States | Canada | Argentina | Chile | China | Russia | Norway | Sweden | Finland | Iceland | Ireland | United Kingdom | France | Spain | Portugal | Germany | Denmark | Belgium | Netherlands | Ukraine | Poland | Estonia | Latvia | Belarus | Lithuania | Romania | Moldova | Czech Republic | Slovakia | Hungary | Turkey | Georgia | Azerbaijan | Armenia | Kazakhstan | North Korea | Mongolia | Uzbekistan | Tajikistan | Kyrgyzstan
89%
Hawaiian Monk Seal United States of America
89%
American Badger United States of America | Canada | Mexico
89%
Coyote United States of America | Canada | Mexico | Guatemala | Belize | Honduras | El Salvador | Nicaragua | Costa Rica | Panama
89%
Southern Elephant Seal Argentina | Chile
86%
Cheetah Botswana | South Africa | Namibia | Zimbabwe | Mozambique | Angola | Zambia | Kenya | Tanzania | South Sudan | Ethiopia | Chad | Central African Republic | Sudan | Benin | Niger | Mali | Algeria | Burkina Faso | Iran
86%
Jaguar Brazil | Bolivia | Peru | Ecuador | Colombia | Venezuela | Suriname | Guyana | Argentina | Paraguay | Panama | Costa Rica | Nicaragua | Honduras | Belize | Guatemala | Mexico | France (French Guiana)
86%
North American River Otter Canada | United States of America
86%
South American Sea Lion Chile | Peru | Argentina | Uruguay | Brazil
86%
Giant Panda China
86%
Red Panda China | Nepal | Bhutan | India | Myanmar
86%
Tibetan Fox China | Nepal | India | Bhutan
86%
Asian Badger China | Russia | Mongolia | Kazakhstan | Kyrgyzstan | Uzbekistan | Tajikistan | Afghanistan | Turkmenistan | North Korea | South Korea | Laos
86%
African Wolf Egypt | Algeria | Libya | Tunisia | Morocco | Mauritania | Senegal | Mali | Niger | Chad | Nigeria | Sudan | Somalia | South Sudan | Ethiopia | Uganda | Kenya | Rwanda | Tanzania | Central African Republic
86%
Grey Seal Norway | United States of America | Canada | Iceland | Russia | United Kingdom | Ireland | Sweden | Finland | Estonia | Latvia | Lithuania | Germany | Poland | France | Netherlands | Denmark | Belgium
86%
Andean Mountain Cat Peru | Argentina | Bolivia | Chile
86%
Eurasian Lynx Russia | China | Norway | Sweden | Finland | Iran | Turkey | Mongolia | Kazakhstan | North Korea | India | Nepal | Bhutan | Romania | Belarus | Estonia | Latvia | Lithuania | Ukraine | Czech Republic | Slovakia | Hungary | Poland | Germany | Switzerland | Austria | France | Greece | Bosnia & Herzegovina | Albania | Croatia | Slovenia | Serbia | Georgia | Armenia | Azerbaijan | Iraq | Tajikistan | Kyrgyzstan | Afghanistan | Uzbekistan | Turkmenistan | Pakistan | Myanmar
86%
European Mink Russia | Estonia | Belarus | Romania | Spain | France
86%
Walrus Russia | United States of America | Canada | Denmark (Greenland)
86%
Iberian Lynx Spain
86%
Saharan Striped Polecat Sudan | Eritrea | Ethiopia | Chad | Niger | Nigeria | Benin | Burkina Faso | Mali | Mauritania | Morocco | Algeria | Tunisia | Libya | Egypt | Senegal | Central African Republic
86%
Northern Elephant Seal United States of America | Canada
86%
Harbor Seal United States of America | Canada | Iceland | Norway | Ireland | United Kingdom | Spain | France | Netherlands | Belgium | Denmark | Germany | Poland | Russia
86%
Sea Otter United States of America | Canada | Russia | Japan | Mexico
86%
California Sea Lion United States of America | Mexico | Canada
86%
Bobcat United States of America | Mexico | Canada
86%
South American Fur Seal Uruguay | Argentina | Chile | Peru | Brazil
86%
African Wild Dog Botswana | Kenya | Mozambique | Namibia | South Africa | Tanzania | Zambia | Zimbabwe | Algeria | Senegal | Burkina Faso | Benin | Chad | Sudan | Central African Republic | Cameroon | Nigeria | South Sudan | Ethiopia
82%
Hooded Seal Canada | Iceland | Norway | Denmark (Greenland)
82%
Galápagos Fur Seal Ecuador
82%
Galápagos Sea Lion Ecuador
82%
Leopard Gabon | Equatorial Guinea | South Africa | Eswatini | Mozambique | Namibia | Zimbabwe | Botswana | Zambia | Angola | Democratic Republic of the Congo | Tanzania | Rwanda | Burundi | Uganda | Kenya | Somalia | Ethiopia | South Sudan | Chad | Djibouti | Central African Republic | Cameroon | Nigeria | Burkina Faso | Republic of the Congo | Egypt | Eritrea | Ghana | Ivory Coast | Liberia | Sierra Leone | Guinea | Senegal | Benin | Saudi Arabia | Oman | Yemen | Turkey | Georgia | Iran | Turkmenistan | Afghanistan | India | Sri Lanka | Pakistan | Bhutan | Nepal | China | Myanmar | Thailand | Malaysia | Cambodia | Indonesia | Russia
82%
Mediterranean Monk Seal Greece | Turkey | Cyprus | Italy | Croatia | Libya | Tunisia | Algeria | Albania | Morocco | Mauritania | Portugal (Madeira Islands)
82%
Sloth Bear India | Sri Lanka | Nepal | Myanmar | Bhutan
82%
Sun Bear Indonesia | Myanmar | Malaysia | India | Bangladesh | Thailand | Cambodia | Laos | Vietnam | Brunei | China
82%
Hooded Skunk Mexico | United States of America | Guatemala | El Salvador | Honduras | Nicaragua
82%
New Zealand Fur Seal New Zealand | Australia
82%
Baikal Seal Russia
82%
Ringed Seal Russia | Canada | United States of America | Iceland | Norway | Sweden | Finland | Estonia | Denmark (Greenland)
82%
Stoat Russia | Canada | United States of America | Norway | Sweden | Finland | Denmark | Netherlands | Luxembourg | Ireland | United Kingdom | France | Portugal | Spain | Italy | Switzerland | Germany | Poland | Ukraine | Belarus | Estonia | Latvia | Lithuania | Austria | Belgium | Czech Republic | Hungary | Slovakia | Slovenia | Romania | Moldova | Croatia | Serbia | Bosnia & Herzegovina | Andorra | Kazakhstan | Mongolia | China | Japan | India | Kyrgyzstan | Tajikistan | Pakistan | Afghanistan
82%
European Pine Marten Russia | Norway | Sweden | Finland | United Kingdom | Ireland | Spain | Portugal | France | Germany | Poland | Netherlands | Denmark | Belgium | Ukraine | Estonia | Lithuania | Latvia | Belarus | Romania | Bulgaria | Italy | Turkey | Greece | Hungary | Austria | Slovenia | Slovakia | Croatia | Czech Republic | Bosnia & Herzegovina | Albania | Serbia | North Macedonia | Montenegro | Kosovo | Moldova | Switzerland | Luxembourg | San Marino | Andorra | Monaco | Liechtenstein | Georgia | Azerbaijan | Armenia | Iran | Iraq | Syria
82%
Striped Skunk United States of America | Canada | Mexico
82%
Northern Fur Seal United States of America | Canada | Russia | Japan | North Korea | South Korea
82%
Stellar Sea Lion United States of America | Canada | Russia | Japan | North Korea | South Korea
82%
Spotted Seal United States of America | Russia | Japan | China | North Korea | South Korea
82%
South American Gray Fox Argentina | Chile
79%
Jaguarundi Brazil | Argentina | Bolivia | Paraguay | Peru | Ecuador | Venezuela | Colombia | Suriname | Guyana | Panama | Costa Rica | Nicaragua | Belize | Honduras | Guatemala | Mexico | El Salvador | France (French Guiana)
79%
Neotropical Otter Brazil | Argentina | Colombia | Venezuela | Suriname | Guyana | Ecuador | Peru | Paraguay | Bolivia | Uruguay | Panama | Costa Rica | Nicaragua | El Salvador | Honduras | Belize | Guatemala | Mexico | France (French Guiana)
79%
Leopard Seal New Zealand | Australia | South Africa | Chile | Argentina
79%
Harp Seal Russia | Norway | Canada | Iceland | Denmark (Greenland)
79%
Honey Badger South Africa | Lesotho | Eswatini | Namibia | Botswana | Zimbabwe | Mozambique | Tanzania | Malawi | Zambia | Angola | Democratic Republic of the Congo | Burundi | Rwanda | Uganda | Kenya | South Sudan | Ethiopia | Somalia | Sudan | Chad | Niger | Nigeria | Central African Republic | Cameroon | Gabon | Republic of the Congo | Equatorial Guinea | Morocco | Algeria | Benin | Togo | Ghana | Burkina Faso | Mali | Guinea | Sierra Leone | Liberia | Ivory Coast | The Gambia | Guinea-Bissau | Senegal | Mauritania | Eritrea | Djibouti | Israel | Iraq | Saudi Arabia | Jordan | Oman | Yemen | Qatar | United Arab Emirates | Iran | Turkmenistan | Kuwait | Pakistan | India | Nepal
79%
Black-Footed Ferret United States of America
79%
Fennec Fox Algeria | Libya | Egypt | Sudan | Chad | Niger | Mali | Mauritania | Morocco | Tunisia
75%
Crabeater Seal Argentina | South Africa | Australia | New Zealand
75%
Ocelot Brazil | Peru | Bolivia | Paraguay | Colombia | Venezuela | Ecuador | Argentina | Guyana | Suriname | Mexico | Guatemala | El Salvador | Belize | Panama | Nicaragua | Costa Rica | Honduras | France (French Guiana)
75%
Bearded Seal Canada | Russia | Norway | Denmark (Greenland)
75%
Asian Golden Cat China | Myanmar | Thailand | Cambodia | Laos | Vietnam | Indonesia | Malaysia | Singapore | India | Nepal | Bhutan
75%
African Golden Cat Democratic Republic of the Congo | Central African Republic | Cameroon | Equatorial Guinea | Gabon | Republic of the Congo | Uganda | Rwanda | Burundi | Nigeria | Angola | Tanzania | Zambia | Kenya | Benin | Togo | Ghana | Ivory Coast | Burkina Faso | Liberia | Sierra Leone | Guinea | Mali | Guinea-Bissau
75%
Cozumel Raccoon Mexico
75%
Serval Angola | Namibia | Botswana | Zimbabwe | South Africa | Mozambique | Eswatini | Lesotho | Tanzania | Zambia | Democratic Republic of the Congo | Gabon | Republic of the Congo | Burundi | Rwanda | Uganda | Kenya | Somalia | Ethiopia | Sudan | South Sudan | Morocco | Central African Republic | Chad | Nigeria | Niger | Togo | Ghana | Benin | Ivory Coast | Burkina Faso | Sierra Leone | Guinea | Liberia | Senegal | Gambia | Guinea-Bissau | Mali
71%
Pampas Cat Argentina | Peru | Chile | Brazil | Paraguay | Uruguay | Bolivia | Colombia | Ecuador
71%
Brown Fur Seal Australia | South Africa | Namibia | Angola
71%
Giant Otter Brazil | Peru | Colombia | Venezuela | Ecuador | Guyana | Suriname | Argentina | Paraguay | Bolivia | Trinidad & Tobago | France (French Guiana)
71%
Fisher Canada | United States of America
71%
Clouded Leopard China | Cambodia | Laos | Nepal | Bhutan | India | Myanmar | Thailand | Malaysia | Bangladesh
71%
Sunda Clouded Leopard Indonesia | Malaysia | Brunei
71%
Steppe Polecat Kazakhstan | Russia | Ukraine | China | Mongolia | Georgia | Romania | Belarus | Bulgaria | Hungary | Poland | Czech Republic | Slovakia | Serbia | Uzbekistan | Turkmenistan | Kyrgyzstan | Tajikistan | Afghanistan
71%
White-Nosed Coati Mexico | United States of America | Guatemala | Belize | El Salvador | Honduras | Nicaragua | Costa Rica | Panama | Colombia
71%
Spectacled Bear Peru | Bolivia | Ecuador | Argentina | Colombia | Venezuela
71%
Sable Russia | North Korea | Mongolia | China
71%
Caracal South Africa | Lesotho | Eswatini | Mozambique | Botswana | Zimbabwe | Namibia | Malawi | Zambia | Angola | Democratic Republic of the Congo | Burundi | Rwanda | Tanzania | Uganda | Kenya | Somalia | Ethiopia | Djibouti | Eritrea | South Sudan | Sudan | Egypt | Libya | Central African Republic | Niger | Nigeria | Chad | Cameroon | Ghana | Togo | Benin | Liberia | Ivory Coast | Gambia | Sierra Leone | Guinea | Senegal | Mauritania | Morocco | Algeria | Tunisia | Guinea-Bissau | Burkina Faso | Saudi Arabia | Turkey | Qatar | Oman | United Arab Emirates | Yemen | Kuwait | Iraq | Jordan | Lebanon | Israel | Syria | Iran | Afghanistan | India | Pakistan | Kazakhstan | Turkmenistan | Uzbekistan
71%
Black-Backed Jackal South Africa | Mozambique | Eswatini | Lesotho | Botswana | Namibia | Angola | Zambia | Somalia | Djibouti | Ethiopia | Eritrea | South Sudan | Uganda | Kenya | Tanzania
71%
Eastern Spotted Skunk United States of America | Mexico | Canada
71%
Kinkajou Brazil | Colombia | Venezuela | Guyana | Suriname | Panama | Costa Rica | Nicaragua | Honduras | Belize | El Salvador | Guatemala | Mexico | Ecuador | Bolivia | Peru | Trinidad & Tobago | France (French Guiana)
68%
Crab-Eating Raccoon Brazil | Peru | Argentina | Ecuador | Bolivia | Paraguay | Uruguay | Venezuela | Colombia | Guyana | Suriname | Panama | Costa Rica | Trinidad & Tobago | France (French Guiana)
68%
Oncilla Brazil | Peru | Bolivia | Paraguay | Argentina | Ecuador | Venezuela | Colombia | Guyana | Suriname | Costa Rica | Panama | France (French Guiana)
68%
Dhole China | India | Nepal | Bhutan | Bangladesh | Laos | Cambodia | Thailand | Malaysia | Indonesia
68%
Yellow-Bellied Weasel China | Vietnam | Nepal | India | Myanmar | Laos
68%
Sunda Leopard Cat Indonesia | Malaysia | Brunei | Philippines
68%
Fossa Madagascar
68%
Guadalupe Fur Seal Mexico
68%
Marbled Cat Myanmar | Indonesia | Malaysia | China | Thailand | Vietnam | Cambodia | Laos | Nepal | India | Bhutan
68%
Sand Cat Niger | Algeria | Morocco | Mauritania | Egypt | Sudan | Israel | Jordan | Saudi Arabia | Oman | Yemen | Kuwait | United Arab Emirates | Pakistan | Iran | Turkmenistan | Uzbekistan | Kazakhstan | Afghanistan
68%
Golden Jackal Saudi Arabia | Yemen | Oman | Qatar | Kuwait | Iraq | Jordan | Israel | Cyprus | Malta | Turkey | Syria | Lebanon | Iran | Greece | Romania | Bulgaria | North Macedonia | Albania | Serbia | Italy | Hungary | Montenegro | Croatia | Georgia | Russia | Azerbaijan | Armenia | Turkmenistan | Uzbekistan | Kazakhstan | Afghanistan | India | China | Nepal | Bhutan | Bangladesh | Myanmar | Thailand | Sri Lanka
68%
Long-Tailed Weasel United States of America | Canada | Mexico | Guatemala | El Salvador | Belize | Nicaragua | Honduras | Panama | Costa Rica | Colombia | Venezuela | Brazil | Peru | Ecuador | Bolivia
68%
Bush Dog Brazil | Venezuela | Colombia | Guyana | Suriname | Bolivia | Paraguay | Argentina | Ecuador | Peru | Panama | France (French Guiana)
64%
Pallas's Cat China | Mongolia | Kazakhstan | Russia | Iran | Pakistan | Afghanistan | India | Nepal | Bhutan | Turkmenistan | Tajikistan | Armenia | Azerbaijan | Bangladesh
64%
Sunda Stink Badger Indonesia | Malaysia
64%
Malagasy Civet Madagascar | Mozambique
64%
Ringtail Mexico | United States of America
64%
Ribbon Seal Russia | United States of America | Japan
64%
Bat-Eared Fox South Africa | Namibia | Botswana | Zimbabwe | Mozambique | Angola | Zambia | Somalia | Ethiopia | Kenya | South Sudan | Tanzania | Uganda | Malawi
64%
Southern River Otter Argentina | Chile
61%
Maned Wolf Brazil | Bolivia | Paraguay | Uruguay | Argentina
61%
Tayra Brazil | Colombia | Venezuela | Panama | Costa Rica | Suriname | Guyana | Ecuador | Nicaragua | Honduras | Belize | Guatemala | El Salvador | Mexico | Bolivia | Peru | Paraguay | Uruguay | Argentina | Trinidad & Tobago | France (French Guiana)
61%
Margay Brazil | Peru | Bolivia | Paraguay | Uruguay | Colombia | Venezuela | Ecuador | Argentina | Guyana | Suriname | Mexico | Guatemala | El Salvador | Belize | Panama | Nicaragua | Costa Rica | Honduras | France (French Guiana)
61%
Crab-Eating Fox Brazil | Uruguay | Paraguay | Venezuela | Colombia | Guyana | Suriname | Bolivia | Argentina | France (French Guiana)
61%
Mountain Weasel China | Russia | Mongolia | Nepal | Bhutan | Kazakhstan | Kyrgyzstan | Tajikistan | India | Afghanistan | Pakistan
61%
Marbled Polecat Kazakhstan | China | Mongolia | Uzbekistan | Kyrgyzstan | Tajikistan | Afghanistan | Iran | Pakistan | Russia | Iraq | Syria | Azerbaijan | Turkey | Jordan | Saudi Arabia | Egypt | Lebanon | Israel | Greece | Bulgaria | North Macedonia | Albania | Romania | Serbia | Montenegro | Ukraine
61%
Corsac Fox Kazakhstan | Uzbekistan | Russia | Mongolia | China | Turkmenistan | Iran | Afghanistan | Tajikistan | Kyrgyzstan
61%
Cacomistle Mexico | Guatemala | Belize | El Salvador | Honduras | Nicaragua | Costa Rica | Panama
61%
Golden Mole South Africa | Cameroon | Central African Republic | Mozambique | Lesotho | Eswatini | Namibia | Zimbabwe | Tanzania | Democratic Republic of the Congo | Somalia | Uganda | Kenya | Republic of the Congo | Angola
61%
Lesser Grison Argentina | Brazil | Chile | Peru | Bolivia | Paraguay | Uruguay
57%
Molina's Hog-Nosed Skunk Argentina | Paraguay | Bolivia | Peru | Chile | Uruguay | Brazil | Trinidad & Tobago
57%
Hoary Fox Brazil
57%
Greater Grison Brazil | Venezuela | Suriname | Guyana | Peru | Panama | Costa Rica | Bolivia | Colombia | Ecuador | Nicaragua | Honduras | Guatemala | Belize | Mexico | Trinidad & Tobago | France (French Guiana)
57%
Leopard Cat China | India | Nepal | Bangladesh | Bhutan | Myanmar | Thailand | Laos | Cambodia | Vietnam | Pakistan | Brunei | Malaysia | Indonesia | North Korea | South Korea | Taiwan | Afghanistan | Tajikistan
57%
Island Fox United States of America
57%
Kit Fox United States of America | Mexico
57%
Geoffroy's Cat Argentina | Bolivia | Paraguay | Uruguay | Chile | Bolivia | Brazil
54%
Darwin's Fox Chile
54%
Marine Otter Chile | Peru | Argentina
54%
Olinguito Colombia | Ecuador
54%
Tenrec Madagascar
54%
Greater Hog Badger Myanmar | Thailand | Cambodia | Laos | Vietnam | Bangladesh | India
54%
Palawan Stink Badger Philippines
54%
Swift Fox United States of America | Canada
54%
Yellow-Throated Marten China | North Korea | South Korea | India | Nepal | Bhutan | Bangladesh | Myanmar | Thailand | Laos | Cambodia | Vietnam | Malaysia | Indonesia | Taiwan | Singapore | Pakistan | Afghanistan
50%
Western Mountain Coati Colombia | Ecuador | Venezuela
50%
Spotted-Necked Otter Democratic Republic of the Congo | Angola | Zambia | Botswana | Namibia | Republic of the Congo | Gabon | Equatorial Guinea | Cameroon | Nigeria | Benin | Togo | Ghana | Burkina Faso | Niger | Ivory Coast | Liberia | Sierra Leone | Guinea | Guinea-Bissau | Central African Republic | South Sudan | Ethiopia | Kenya | Uganda | Tanzania | Mozambique | South Africa | Lesotho | Eswatini | Malawi | Burundi | Rwanda | Somalia
50%
Fishing Cat India | Sri Lanka | Bangladesh | Nepal | Pakistan | Myanmar | Thailand | Cambodia
50%
Bay Cat Indonesia | Malaysia | Brunei
50%
Ring-Tailed Vontsira Madagascar
50%
Hairy-Nosed Otter Malaysia | Brunei | Indonesia | Vietnam | Cambodia | Myanmar | Thailand
50%
Eastern Lowland Olingo Peru | Brazil | Ecuador | Colombia | Venezuela | Guyana | Bolivia
50%
Short-Eared Dog Brazil | Peru | Bolivia | Colombia | Ecuador
46%
Culpeo Chile | Argentina | Peru | Ecuador | Colombia | Bolivia
46%
Northern Olingo Costa Rica | Nicaragua | Panama | Honduras
46%
Rusty-Spotted Cat India | Sri Lanka | Nepal
46%
Flat-Headed Cat Indonesia | Malaysia | Brunei
46%
Sechuran Fox Peru | Ecuador
46%
Kodkod Chile | Argentina
43%
Narrow-Striped Mongoose Madagascar
43%
Black-Footed Cat South Africa | Namibia | Botswana | Angola | Zimbabwe
43%
No matching quizzes found
Score Distribution
Percent of People with Each Score
Percentile by Number Answered
Your Score History
You have not taken this quiz